Encyclopaedia of track & field / (Record no. 128666)

MARC details
000 -LEADER
fixed length control field 00738nam a22002417a 4500
003 - CONTROL NUMBER IDENTIFIER
control field dpl
005 - DATE AND TIME OF LATEST TRANSACTION
control field 20180703152031.0
008 - FIXED-LENGTH DATA ELEMENTS--GENERAL INFORMATION
fixed length control field 180627b xxu||||| |||| 00| 0 eng d
010 ## - LIBRARY OF CONGRESS CONTROL NUMBER
LC control number B-094507
020 ## - INTERNATIONAL STANDARD BOOK NUMBER
Terms of availability 600.00
International Standard Book Number 817524108X
035 ## - SYSTEM CONTROL NUMBER
System control number B-094507, B-094513, B-94509
037 ## - SOURCE OF ACQUISITION
Source of stock number/acquisition Cen Lib/Ret
040 ## - CATALOGING SOURCE
Original cataloging agency DPL
Language of cataloging EN
Transcribing agency 0
082 ## - DEWEY DECIMAL CLASSIFICATION NUMBER
Classification number 796.4203
Item number THA
100 ## - MAIN ENTRY--PERSONAL NAME
Personal name Thani, Vivek
9 (RLIN) 74097
245 ## - TITLE STATEMENT
Title Encyclopaedia of track & field /
Statement of responsibility, etc by Vivek Thani
260 ## - PUBLICATION, DISTRIBUTION, ETC. (IMPRINT)
Name of publisher, distributor, etc Khel Sahitya Kendra
Place of publication, distribution, etc New Delhi
Date of publication, distribution, etc 2003
270 ## - ADDRESS
Address 4264/3, Ansari Road, Daryaganj
City New Delhi
Postal code 110002
300 ## - PHYSICAL DESCRIPTION
Extent 346p. :
Dimensions 20cm(Hb)
Other physical details ill.
650 ## - SUBJECT ADDED ENTRY--TOPICAL TERM
Topical term or geographic name as entry element Great Indian players
9 (RLIN) 24074
650 ## - SUBJECT ADDED ENTRY--TOPICAL TERM
Topical term or geographic name as entry element Sports
9 (RLIN) 74098
942 ## - ADDED ENTRY ELEMENTS (KOHA)
Source of classification or shelving scheme Dewey Decimal Classification
Koha item type English Books
Classification part 796.4203
Call number suffix THA
Holdings
Withdrawn status Lost status Damaged status Not for loan Home library Current library Date acquired Source of acquisition Cost, normal purchase price Total Checkouts Full call number Barcode Date last seen Date checked out Copy number Cost, replacement price Price effective from Koha item type Source of classification or shelving scheme Collection code
        Central Library Central Library 03/07/2015 Cen Lib/Ret 600.00 1 796.4203 THA B-094507 16/09/2021 24/12/2018 1 600.00 03/07/2015 English Books    
        Patel Nagar Patel Nagar 03/07/2018 BPPD/Pub 600.00   796.4203 THA B-94509 03/07/2018     600.00 03/07/2018 English Books Dewey Decimal Classification Non-fiction
        Shahdara Branch Shahdara Branch 27/06/2018 BPPD/PUB 600.00   796.4203 THA B-094513 27/06/2018     600.00 27/06/2018 English Books Dewey Decimal Classification Non-fiction

© Delhi Public Library
Hit Counter
free hit counter